| 000 | 00600nam a2200193 a 4500 | ||
|---|---|---|---|
| 001 | 000039958 | ||
| 005 | 20201002033830.0 | ||
| 008 | 130731s1992 ag r 000 0 spa d | ||
| 020 | _a9501512444 | ||
| 040 |
_aDO-SdBNP _bspa _cBNPHU |
||
| 082 |
_axxxx _bxxxx |
||
| 100 | 1 |
_aWeiss, Brian L. _966175 |
|
| 240 | 1 | 0 |
_aThrough time into healing _lEspañol |
| 245 | 1 | 0 |
_aA traves del tiempo / _cBrian L. Weiss ; traducción Edith Zilli. |
| 260 |
_aBuenos Aires, Argentina : _bJavier Vergara, _c1992. |
||
| 300 |
_a228 p. ; _c22 cm. |
||
| 590 | _aInventariado, 2019/BT | ||
| 700 | 1 |
_aZilli, Edith, _etr. _93228 |
|
| 999 |
_c39448 _d39448 |
||